00606 a2200181 450000100060000002000220000604000240002810000220005224000310007424500260010530000090013136200090014065000310014994200070018095201160018795201040030399900170040747565 a978-85-61695-53-8 cAnchieta - Aquarius aPotiguara, Eliane10aO pássaro encantadolpor10aO pássaro encantado a32p.0 a2014 4aLiteratura infanto-juvenil cBK 00104070a87.1b87.1d2023-11-21l1o028.5 POT PASp6331/AQUr2024-04-16 14:00:35s2023-11-21w2023-11-21yBK 00104070a87.1b87.1d2023-11-21l0o028.5 POT PASp6538/AQUr2023-11-21 15:14:27w2023-11-21yBK c47565d47565